[Event "CZE-ch U12 2020"]
[Site "Kouty nad Desnou"]
[Date "2020.03.08"]
[Round "2.12"]
[White "Matusik, Ondrej"]
[Black "Matus, Jakub"]
[Result "1-0"]
[WhiteElo "1482"]
[BlackElo "1240"]
[Annotator "NA"]
[PlyCount "83"]
[EventDate "2020.03.07"]
[EventCountry "CZE"]
[SourceTitle "playchess.com"]
[Source "ChessBase"]
[SourceQuality "1"]
[TimeControl "5400+30"]

1. e4 {[%emt 0:00:00]} c5 {[%emt 0:00:00]} 2. Nf3 {[%emt 0:00:00]} Nc6 {[%emt 0:00:00]} 3. d4 {[%emt 0:00:00]} cxd4 {[%emt 0:00:00]} 4. Nxd4 {[%emt 0:00:00]} e5 {[%emt 0:00:00]} 5. Nb5 {[%emt 0:02:07]} d6 {[%emt 0:00:00]} 6. N1c3 {[%emt 0:01:17]} a6 {[%emt 0:00:03]} 7. Na3 {[%emt 0:01:11]} b5 {[%emt 0:00:10]} 8. Nd5 {[%emt 0:02:37]} Nge7 {[%emt 0:01:29]} 9. Be3 {[%emt 0:04:58]} Nxd5 {[%emt 0:03:43]} 10. Qxd5 {[%emt 0:07:37]} Bb7 {[%emt 0:02:43]} 11. f3 {[%emt 0:19:01]} Qc7 {[%emt 0:04:34]} 12. Qd2 {[%emt 0:03:12]} Be7 {[%emt 0:01:08]} 13. c4 {[%emt 0:02:23]} b4 {[%emt 0:01:44]} 14. Nc2 {[%emt 0:00:32]} a5 {[%emt 0:00:42]} 15. b3 {[%emt 0:02:40]} h6 {[%emt 0:03:04]} 16. Bd3 {[%emt 0:03:08]} Nd8 {[%emt 0:05:30]} 17. h4 {[%emt 0:01:56]} Ne6 {[%emt 0:00:41]} 18. g4 {[%emt 0:00:29]} f6 {[%emt 0:02:13]} 19. O-O-O {[%emt 0:04:41]} Nc5 {[%emt 0:03:18]} 20. Ne1 {[%emt 0:02:53]} Bc8 {[%emt 0:02:46]} 21. Bc2 {[%emt 0:01:32]} Bd7 {[%emt 0:01:38]} 22. Nd3 {[%emt 0:01:21]} Nxd3+ {[%emt 0:03:54]} 23. Qxd3 {[%emt 0:00:25]} a4 {[%emt 0:01:40]} 24. g5 {[%emt 0:02:53]} axb3 {[%emt 0:04:04]} 25. Bxb3 {[%emt 0:00:52]} Ba4 {[%emt 0:00:20]} 26. Kb1 {[%emt 0:04:51]} Kd7 {[%emt 0:02:15]} 27. gxh6 {[%emt 0:03:23]} gxh6 {[%emt 0:00:18]} 28. Rhg1 {[%emt 0:00:48]} Bxb3 {[%emt 0:02:21]} 29. Qxb3 {[%emt 0:00:18]} Ra3 {[%emt 0:00:12]} 30. Qb2 {[%emt 0:04:38]} Rxe3 {[%emt 0:00:37]} 31. Qf2 {[%emt 0:00:25]} Ra3 {[%emt 0:01:12]} 32. c5 {[%emt 0:01:25]} Ke8 {[%emt 0:01:31]} 33. cxd6 {[%emt 0:03:19]} Bxd6 {[%emt 0:00:13]} 34. Qd2 {[%emt 0:01:58]} Ra6 {[%emt 0:01:29]} 35. Rg6 {[%emt 0:01:43]} Be7 {[%emt 0:02:14]} 36. Rxh6 {[%emt 0:01:36]} Rxh6 {[%emt 0:01:01]} 37. Qxh6 {[%emt 0:00:08]} Bf8 {[%emt 0:00:09]} 38. Qg6+ {[%emt 0:00:42]} Qf7 {[%emt 0:00:10]} 39. Rd8+ {[%emt 0:00:27]} Kxd8 {[%emt 0:00:58]} 40. Qxf7 {[%emt 0:00:21]} Be7 {[%emt 0:00:04]} 41. h5 {[%emt 0:00:32]} Kd7 {[%emt 0:00:17]} 42. h6 {[%emt 0:00:34]} 1-0

[Event "CZE-ch U12 2020"]
[Site "Kouty nad Desnou"]
[Date "2020.03.09"]
[Round "3.1"]
[White "Fizer, Marek"]
[Black "Nemec, Jachym"]
[Result "0-1"]
[WhiteElo "1907"]
[BlackElo "2108"]
[Annotator "ChessBase"]
[PlyCount "117"]
[EventDate "2020.03.07"]
[EventCountry "CZE"]
[SourceTitle "playchess.com"]
[Source "ChessBase"]
[SourceQuality "1"]
[TimeControl "5400+30"]

1. e4 {[%emt 0:00:00]} c5 {[%emt 0:00:00]} 2. Nf3 {[%emt 0:00:00]} Nc6 {[%emt 0:00:00]} 3. d4 {[%emt 0:00:00]} cxd4 {[%emt 0:00:00]} 4. Nxd4 {[%emt 0:00:00]} Nf6 {[%emt 0:00:00]} 5. Nc3 {[%emt 0:00:15]} e5 {[%emt 0:00:03]} 6. Ndb5 {[%emt 0:00:14]} d6 {[%emt 0:00:06]} 7. Nd5 {[%emt 0:01:09]} Nxd5 {[%emt 0:00:06]} 8. exd5 {[%emt 0:00:06]} Nb8 {[%emt 0:00:05]} 9. c4 {[%emt 0:00:57]} Be7 {[%emt 0:00:07]} 10. Be2 {[%emt 0:01:23]} O-O {[%emt 0:00:36]} 11. O-O {[%emt 0:00:40]} Nd7 {[%emt 0:00:33]} 12. Be3 {[%emt 0:01:53]} a6 {[%emt 0:00:18]} 13. Nc3 {[%emt 0:00:47]} f5 {[%emt 0:02:32]} 14. Rc1 {[%emt 0:03:01]} a5 {[%emt 0:24:21]} 15. Na4 {[%emt 0:05:18]} f4 {[%emt 0:02:55]} 16. Bd2 {[%emt 0:00:40]} b6 {[%emt 0:00:11]} 17. Bf3 {[%emt 0:15:25]} Nf6 {[%emt 0:01:31]} 18. Qc2 {[%emt 0:00:50]} Bg4 {[%emt 0:09:50]} 19. Bxg4 {[%emt 0:01:23]} Nxg4 {[%emt 0:00:05]} 20. f3 {[%emt 0:01:21]} Nh6 {[%emt 0:00:36]} 21. Nc3 {[%emt 0:04:12]} Nf5 {[%emt 0:00:26]} 22. Ne4 {[%emt 0:00:50]} Qd7 {[%emt 0:01:08]} 23. a3 {[%emt 0:00:58]} a4 {[%emt 0:01:35]} 24. Qd3 {[%emt 0:07:03]} Kh8 {[%emt 0:00:27]} 25. g4 {[%emt 0:04:03]} fxg3 {[%emt 0:00:25]} 26. hxg3 {[%emt 0:00:14]} Rf7 {[%emt 0:07:48]} 27. Rf2 {[%emt 0:01:22]} Raf8 {[%emt 0:00:37]} 28. Rcf1 {[%emt 0:00:46]} Bd8 {[%emt 0:02:03]} 29. Rh2 {[%emt 0:00:39]} g6 {[%emt 0:00:35]} 30. Kg2 {[%emt 0:02:38]} Nd4 {[%emt 0:02:11]} 31. f4 {[%emt 0:01:39]} Nf5 {[%emt 0:08:51]} 32. Bc3 {[%emt 0:01:27]} Re8 {[%emt 0:02:05]} 33. fxe5 {[%emt 0:03:09]} dxe5 {[%emt 0:00:05]} 34. c5 {[%emt 0:00:48]} bxc5 {[%emt 0:00:50]} 35. Nxc5 {[%emt 0:01:11]} Qd6 {[%emt 0:06:24]} 36. Bb4 {[%emt 0:03:50]} Qb6 {[%emt 0:02:19]} 37. Qe4 {[%emt 0:10:24]} Qb5 {[%emt 0:02:15]} 38. Rf2 {[%emt 0:01:34]} Bb6 {[%emt 0:01:35]} 39. g4 {[%emt 0:01:10]} Bxc5 {[%emt 0:09:35]} 40. Bxc5 {[%emt 0:00:13]} Qxc5 {[%emt 0:00:08]} 41. gxf5 {[%emt 0:00:08]} gxf5 {[%emt 0:00:06]} 42. Rxf5 {[%emt 0:01:22]} Rg8+ {[%emt 0:00:13]} 43. Kf3 {[%emt 0:01:59]} Rxf5+ {[%emt 0:00:33]} 44. Qxf5 {[%emt 0:00:05]} Rf8 {[%emt 0:00:09]} 45. Rxh7+ {[%emt 0:00:05]} Kg8 {[%emt 0:00:03]} 46. Rh5 {[%emt 0:00:24]} Rxf5+ {[%emt 0:00:35]} 47. Rxf5 {[%emt 0:00:05]} Qxd5+ {[%emt 0:00:04]} 48. Kg3 {[%emt 0:01:11]} Qd3+ {[%emt 0:00:03]} 49. Rf3 {[%emt 0:00:09]} Qd4 {[%emt 0:00:07]} 50. Rf2 {[%emt 0:00:27]} e4 {[%emt 0:00:05]} 51. Re2 {[%emt 0:00:38]} Kf7 {[%emt 0:00:06]} 52. Kf4 {[%emt 0:00:23]} e3+ {[%emt 0:02:46]} 53. Kf3 {[%emt 0:00:19]} Kf6 {[%emt 0:00:32]} 54. Rxe3 {[%emt 0:00:20]} Qxb2 {[%emt 0:00:05]} 55. Rd3 {[%emt 0:00:32]} Ke5 {[%emt 0:00:10]} 56. Ke3 {[%emt 0:01:35]} Qg2 {[%emt 0:00:13]} 57. Rc3 {[%emt 0:00:37]} Qg3+ {[%emt 0:00:17]} 58. Kd2 {[%emt 0:00:04]} Qf2+ {[%emt 0:00:18]} 59. Kd3 {[%emt 0:00:16]} 0-1

[Event "CZE-ch U12 2020"]
[Site "Kouty nad Desnou"]
[Date "2020.03.09"]
[Round "3.2"]
[White "Brozka, Karel"]
[Black "Prazak, Daniel"]
[Result "1/2-1/2"]
[WhiteElo "2013"]
[BlackElo "1765"]
[Annotator "ChessBase"]
[PlyCount "83"]
[EventDate "2020.03.07"]
[EventCountry "CZE"]
[SourceTitle "playchess.com"]
[Source "ChessBase"]
[SourceQuality "1"]
[TimeControl "5400+30"]

1. d4 {[%emt 0:00:00]} Nf6 {[%emt 0:00:00]} 2. Nf3 {[%emt 0:00:00]} g6 {[%emt 0:00:10]} 3. c4 {[%emt 0:00:05]} Bg7 {[%emt 0:00:17]} 4. Nc3 {[%emt 0:00:18]} d5 {[%emt 0:00:21]} 5. Bg5 {[%emt 0:01:55]} Ne4 {[%emt 0:00:56]} 6. cxd5 {[%emt 0:00:31]} Nxg5 {[%emt 0:01:03]} 7. Nxg5 {[%emt 0:00:10]} c6 {[%emt 0:01:15]} 8. Nf3 {[%emt 0:06:42]} cxd5 {[%emt 0:00:52]} 9. e3 {[%emt 0:00:38]} Nc6 {[%emt 0:00:39]} 10. Qb3 {[%emt 0:01:05]} e6 {[%emt 0:02:05]} 11. Bd3 {[%emt 0:01:30]} O-O {[%emt 0:03:31]} 12. O-O {[%emt 0:00:29]} Bd7 {[%emt 0:01:12]} 13. Rfc1 {[%emt 0:02:41]} Rc8 {[%emt 0:05:32]} 14. Na4 {[%emt 0:16:56]} b6 {[%emt 0:08:57]} 15. Ba6 {[%emt 0:11:05]} Rc7 {[%emt 0:02:22]} 16. Qc3 {[%emt 0:05:55]} Qb8 {[%emt 0:06:08]} 17. b4 {[%emt 0:06:06]} Bc8 {[%emt 0:10:13]} 18. Bd3 {[%emt 0:02:48]} a6 {[%emt 0:03:21]} 19. Rab1 {[%emt 0:04:34]} b5 {[%emt 0:05:55]} 20. Nc5 {[%emt 0:00:31]} Qa7 {[%emt 0:04:52]} 21. a4 {[%emt 0:02:28]} bxa4 {[%emt 0:03:25]} 22. b5 {[%emt 0:05:26]} axb5 {[%emt 0:04:52]} 23. Bxb5 {[%emt 0:00:24]} Nb8 {[%emt 0:04:09]} 24. Rb4 {[%emt 0:06:31]} Nd7 {[%emt 0:01:45]} 25. Rxa4 {[%emt 0:02:42]} Qxc5 {[%emt 0:02:00]} 26. Qxc5 {[%emt 0:00:24]} Nxc5 {[%emt 0:00:06]} 27. Rxc5 {[%emt 0:00:33]} Rb7 {[%emt 0:01:08]} 28. h3 {[%emt 0:03:41]} Bd7 {[%emt 0:00:20]} 29. Bxd7 {[%emt 0:00:25]} Rxd7 {[%emt 0:00:09]} 30. Rca5 {[%emt 0:00:33]} Rb8 {[%emt 0:01:02]} 31. Ra7 {[%emt 0:01:17]} Rxa7 {[%emt 0:01:02]} 32. Rxa7 {[%emt 0:00:02]} Rb1+ {[%emt 0:00:44]} 33. Kh2 {[%emt 0:00:04]} Bf6 {[%emt 0:00:17]} 34. g3 {[%emt 0:02:41]} Kg7 {[%emt 0:01:00]} 35. Kg2 {[%emt 0:00:13]} Rb2 {[%emt 0:01:48]} 36. h4 {[%emt 0:01:48]} h5 {[%emt 0:00:53]} 37. Rd7 {[%emt 0:01:38]} Re2 {[%emt 0:01:31]} 38. Ng1 {[%emt 0:00:50]} Ra2 {[%emt 0:00:45]} 39. Nh3 {[%emt 0:00:50]} Kf8 {[%emt 0:01:28]} 40. Nf4 {[%emt 0:00:42]} Bg7 {[%emt 0:01:39]} 41. Rb7 {[%emt 0:00:40]} Bh6 {[%emt 0:00:20]} 42. Rc7 {[%emt 0:01:06]} 1/2-1/2

[Event "CZE-ch U12 2020"]
[Site "Kouty nad Desnou"]
[Date "2020.03.09"]
[Round "3.3"]
[White "Hladky, Tadeas"]
[Black "Setina, Vaclav"]
[Result "1/2-1/2"]
[WhiteElo "1773"]
[BlackElo "1507"]
[Annotator "NA RC"]
[PlyCount "118"]
[EventDate "2020.03.07"]
[EventCountry "CZE"]
[SourceTitle "playchess.com"]
[Source "ChessBase"]
[SourceQuality "1"]
[TimeControl "5400+30"]

1. e4 {[%emt 0:00:00]} c5 {[%emt 0:00:44]} 2. Nf3 {[%emt 0:00:00]} Nc6 {[%emt 0:00:40]} 3. Bb5 {[%emt 0:00:00]} g6 {[%emt 0:00:11]} 4. O-O {[%emt 0:00:01]} Bg7 {[%emt 0:00:24]} 5. Re1 {[%emt 0:00:08]} Nf6 {[%emt 0:01:30]} 6. e5 {[%emt 0:00:12]} Nd5 {[%emt 0:01:02]} 7. Nc3 {[%emt 0:00:11]} Nc7 {[%emt 0:04:01]} 8. Bxc6 {[%emt 0:00:57]} dxc6 {[%emt 0:00:25]} 9. d3 {[%emt 0:00:34]} O-O {[%emt 0:04:33]} 10. h3 {[%emt 0:01:21]} Nd5 {[%emt 0:02:45]} 11. Ne4 {[%emt 0:00:40]} Qb6 {[%emt 0:01:36]} 12. a4 {[%emt 0:02:30]} a5 {[%emt 0:04:00]} 13. Qe2 {[%emt 0:08:01]} Bf5 {[%emt 0:03:49]} 14. Ng3 {[%emt 0:01:47]} Be6 {[%emt 0:01:56]} 15. h4 {[%emt 0:13:56]} Bg4 {[%emt 0:15:15]} 16. Nf1 {[%emt 0:09:59]} e6 {[%emt 0:05:21]} 17. N1h2 {[%emt 0:00:22]} Bxf3 {[%emt 0:00:40]} 18. Nxf3 {[%emt 0:00:10]} Rfd8 {[%emt 0:02:46]} 19. Bg5 {[%emt 0:03:45]} Rd7 {[%emt 0:01:12]} 20. b3 {[%emt 0:08:13]} Ne7 {[%emt 0:07:42]} 21. Bxe7 {[%emt 0:05:36]} Rxe7 {[%emt 0:01:11]} 22. h5 {[%emt 0:01:00]} Rae8 {[%emt 0:05:54]} 23. Nd2 {[%emt 0:01:40]} f5 {[%emt 0:01:30]} 24. Nc4 {[%emt 0:03:31]} Qc7 {[%emt 0:02:02]} 25. hxg6 {[%emt 0:01:01]} hxg6 {[%emt 0:00:34]} 26. Qe3 {[%emt 0:00:31]} Bf8 {[%emt 0:05:08]} 27. g3 {[%emt 0:07:21]} Rg7 {[%emt 0:07:00]} 28. f4 {[%emt 0:05:50]} b5 {[%emt 0:06:28]} 29. Nd2 {[%emt 0:02:30]} Be7 {[%emt 0:02:20]} 30. Nf3 {[%emt 0:00:32]} Kf7 {[%emt 0:01:33]} 31. Ng5+ {[%emt 0:03:06]} Bxg5 32. fxg5 {[%emt 0:00:07]} Rh7 {[%emt 0:00:48]} 33. Kg2 {[%emt 0:02:31]} c4 {[%emt 0:01:20]} 34. Rh1 {[%emt 0:00:34]} Reh8 {[%emt 0:01:25]} 35. Rh6 {[%emt 0:01:33]} Rxh6 {[%emt 0:00:42]} 36. gxh6 {[%emt 0:00:02]} cxb3 {[%emt 0:01:48]} 37. cxb3 {[%emt 0:00:21]} Rc8 {[%emt 0:02:52]} 38. Rh1 {[%emt 0:04:58]} Rh8 {[%emt 0:02:16]} 39. Rh4 {[%emt 0:03:53]} g5 {[%emt 0:02:05]} 40. Qxg5 Qxe5 {[%emt 0:00:21]} 41. Qh5+ {[%emt 0:01:33]} Ke7 {[%emt 0:00:57]} 42. h7 {[%emt 0:01:20]} Qb2+ {[%emt 0:01:28]} 43. Kh3 {[%emt 0:01:20]} Qc1 {[%emt 0:00:29]} 44. Qf3 {[%emt 0:01:10]} bxa4 {[%emt 0:00:33]} 45. bxa4 {[%emt 0:00:26]} Qc5 {[%emt 0:00:32]} 46. d4 {[%emt 0:01:21]} Qd5 {[%emt 0:00:32]} 47. Qxd5 {[%emt 0:02:07]} cxd5 {[%emt 0:00:04]} 48. Kg2 {[%emt 0:00:04]} e5 {[%emt 0:00:07]} 49. dxe5 {[%emt 0:00:18]} Ke6 {[%emt 0:00:17]} 50. Rh5 {[%emt 0:00:41]} Kxe5 {[%emt 0:00:28]} 51. g4 {[%emt 0:00:07]} Kf4 {[%emt 0:00:26]} 52. g5 {[%emt 0:01:11]} Ke5 {[%emt 0:01:30]} 53. Rh1 {[%emt 0:01:07]} f4 {[%emt 0:00:30]} 54. g6 {[%emt 0:02:06]} Kf6 {[%emt 0:00:17]} 55. Rh5 {[%emt 0:02:40]} Kxg6 {[%emt 0:00:15]} 56. Rxd5 {[%emt 0:00:05]} Rxh7 {[%emt 0:00:30]} 57. Rxa5 {[%emt 0:00:04]} Kf6 {[%emt 0:00:58]} 58. Kf3 {[%emt 0:00:16]} Ke6 {[%emt 0:00:21]} 59. Kxf4 {[%emt 0:00:10]} Kd6 {[%emt 0:00:16]} 1/2-1/2

[Event "CZE-ch U12 2020"]
[Site "Kouty nad Desnou"]
[Date "2020.03.09"]
[Round "3.4"]
[White "Zelba, Lukas"]
[Black "Jasso, Matej"]
[Result "1-0"]
[WhiteElo "1727"]
[BlackElo "1582"]
[Annotator "NA RC"]
[PlyCount "107"]
[EventDate "2020.03.07"]
[EventCountry "CZE"]
[SourceTitle "playchess.com"]
[Source "ChessBase"]
[SourceQuality "1"]
[TimeControl "5400+30"]

1. Nf3 Nf6 {[%emt 0:00:00]} 2. c4 {[%emt 0:00:12]} g6 {[%emt 0:00:00]} 3. Nc3 {[%emt 0:00:20]} Bg7 {[%emt 0:00:09]} 4. g3 {[%emt 0:01:11]} c6 {[%emt 0:01:00]} 5. Bg2 {[%emt 0:02:21]} d5 {[%emt 0:01:02]} 6. d4 {[%emt 0:03:29]} O-O {[%emt 0:00:29]} 7. O-O {[%emt 0:00:25]} Bf5 {[%emt 0:02:49]} 8. Qb3 {[%emt 0:00:59]} Qb6 {[%emt 0:01:48]} 9. c5 {[%emt 0:00:41]} Qc7 {[%emt 0:03:01]} 10. Bf4 {[%emt 0:01:26]} Qc8 {[%emt 0:00:08]} 11. Rfe1 {[%emt 0:04:39]} Nbd7 {[%emt 0:01:56]} 12. Nh4 {[%emt 0:00:51]} Be6 {[%emt 0:00:18]} 13. Rad1 {[%emt 0:01:35]} h6 {[%emt 0:02:28]} 14. Nf3 {[%emt 0:02:39]} Nh5 {[%emt 0:03:11]} 15. Qc2 {[%emt 0:09:47]} Nxf4 {[%emt 0:00:35]} 16. gxf4 {[%emt 0:00:05]} Qc7 {[%emt 0:01:54]} 17. Ne5 {[%emt 0:00:31]} Nxe5 {[%emt 0:00:56]} 18. fxe5 {[%emt 0:01:23]} Qd7 {[%emt 0:01:14]} 19. e4 {[%emt 0:08:32]} Bh3 {[%emt 0:01:17]} 20. exd5 {[%emt 0:00:26]} Bxg2 {[%emt 0:00:21]} 21. e6 {[%emt 0:00:18]} Qc7 {[%emt 0:01:51]} 22. Kxg2 {[%emt 0:01:40]} Qf4 {[%emt 0:01:25]} 23. Re3 {[%emt 0:03:26]} fxe6 {[%emt 0:00:37]} 24. dxe6 {[%emt 0:02:28]} Rf5 {[%emt 0:01:31]} 25. Re4 {[%emt 0:08:11]} Qf3+ {[%emt 0:01:18]} 26. Kg1 {[%emt 0:01:35]} Raf8 {[%emt 0:01:26]} 27. Rd2 {[%emt 0:02:41]} Rg5+ {[%emt 0:00:19]} 28. Kf1 {[%emt 0:00:10]} Qg2+ {[%emt 0:00:48]} 29. Ke2 {[%emt 0:01:48]} Qf3+ {[%emt 0:03:44]} 30. Kf1 {[%emt 0:00:12]} Qh3+ {[%emt 0:03:28]} 31. Ke2 {[%emt 0:08:13]} Rg1 {[%emt 0:00:07]} 32. f4 {[%emt 0:03:18]} Bxd4 {[%emt 0:06:50]} 33. Rexd4 {[%emt 0:00:40]} Rf1 {[%emt 0:04:35]} 34. Qxg6+ {[%emt 0:00:15]} Kh8 {[%emt 0:00:19]} 35. Qg3 {[%emt 0:00:08]} Qxg3 {[%emt 0:07:24]} 36. hxg3 {[%emt 0:00:18]} Rh1 {[%emt 0:00:18]} 37. Rd8 {[%emt 0:00:50]} Rh2+ {[%emt 0:00:17]} 38. Ke3 {[%emt 0:00:07]} Rxd8 {[%emt 0:00:17]} 39. Rxd8+ {[%emt 0:00:24]} Kg7 {[%emt 0:00:07]} 40. Ne2 {[%emt 0:00:10]} Kf6 {[%emt 0:00:07]} 41. Rd7 {[%emt 0:00:07]} Kxe6 {[%emt 0:00:18]} 42. Rxb7 {[%emt 0:00:09]} Rh5 {[%emt 0:00:11]} 43. Nd4+ {[%emt 0:00:51]} Kd5 {[%emt 0:00:33]} 44. Rxe7 {[%emt 0:00:31]} Rh3 {[%emt 0:00:13]} 45. Re5+ {[%emt 0:00:15]} Kc4 {[%emt 0:00:02]} 46. Ne2 {[%emt 0:00:10]} h5 {[%emt 0:00:16]} 47. f5 {[%emt 0:00:18]} h4 {[%emt 0:00:14]} 48. Re4+ {[%emt 0:00:13]} Kxc5 {[%emt 0:00:08]} 49. Rxh4 {[%emt 0:00:05]} Rxh4 {[%emt 0:00:14]} 50. gxh4 {[%emt 0:00:07]} Kd5 {[%emt 0:00:05]} 51. h5 {[%emt 0:00:18]} Ke5 {[%emt 0:00:16]} 52. h6 {[%emt 0:00:16]} Kf6 {[%emt 0:00:01]} 53. Nd4 {[%emt 0:00:15]} c5 {[%emt 0:00:11]} 54. Ne6 {[%emt 0:00:05]} 1-0

[Event "CZE-ch U12 2020"]
[Site "Kouty nad Desnou"]
[Date "2020.03.09"]
[Round "3.5"]
[White "Soucek, Jan"]
[Black "Nguyen, Thai Dang Vi"]
[Result "1-0"]
[WhiteElo "1872"]
[BlackElo "1510"]
[Annotator "NA RC"]
[PlyCount "151"]
[EventDate "2020.03.07"]
[EventCountry "CZE"]
[SourceTitle "playchess.com"]
[Source "ChessBase"]
[SourceQuality "1"]
[TimeControl "5400+30"]

{[%evp 8,151,5,0,19,32767,32767,13,21,14,30,32767,32767,32767,32767,32767,27,19,36,24,20,20,28,37,32,8,34,12,48,28,39,16,31,14,26,-16,25,16,29,10,37,0,32767,0,19,32767,72,20,76,58,63,17,69,30,65,-17,46,16,39,39,131,104,137,95,92,97,122,32,37,33,22,32,36,35,29,31,35,0,64,53,81,33,119,86,189,104,93,59,87,49,48,14,33,0,0,0,0,0,0,-7,0,0,67,22,87,0,206,0,143,86,189,198,32767,32767,32767,540,483,310,32767,32767,32767,32767,264,32767,32767,32767,32767,32767,32767,32767,32767,32767,32767,32767,32767,32767,32767,32767,32767,32767,29992,29993,29993,29992,29992,29993]} 1. d4 {[%emt 0:00:57]} d5 {[%emt 0:00:00]} 2. c4 {[%emt 0:00:09]} e6 {[%emt 0:00:00]} 3. Nc3 {[%emt 0:00:10]} Nf6 {[%emt 0:00:00]} 4. cxd5 {[%emt 0:00:05]} exd5 {[%emt 0:00:26]} 5. Bg5 {[%emt 0:00:05]} Be7 {[%emt 0:00:24]} 6. e3 {[%emt 0:00:23]} h6 {[%emt 0:00:54]} 7. Bh4 {[%emt 0:00:09]} c6 {[%emt 0:00:37]} 8. Bd3 {[%emt 0:00:11]} Nbd7 {[%emt 0:00:55]} 9. Qc2 {[%emt 0:00:09]} O-O {[%emt 0:01:22]} 10. Nge2 {[%emt 0:00:12]} Re8 {[%emt 0:01:57]} 11. O-O {[%emt 0:00:33] 11.f3 is the fancy move.} a6 {[%emt 0:06:59] D36: Queen's Gambit Declined: Exchange Variation: Main line (5 Bg5 c6 6 Qc2).} 12. Rad1 {[%emt 0:21:13] [#]} Qc7 $146 {[%emt 0:01:35]} ({Predecessor:} 12... b5 13. h3 Bb7 14. Bf5 Nf8 15. f3 Qb6 16. Bf2 c5 17. dxc5 Bxc5 18. Nd4 Ne6 19. Qd2 Nxd4 20. exd4 {0-1 (72) Vernay,C (2341)-Bujisho,B (2417) France 2009}) 13. a3 {[%emt 0:11:09]} Bd6 {[%emt 0:07:15]} 14. Bg3 {[%emt 0:06:03]} Bxg3 {[%emt 0:17:45]} 15. Nxg3 {[%emt 0:00:51]} Nb6 {[%emt 0:02:34]} 16. Nce2 {[%emt 0:20:05]} Bd7 {[%emt 0:08:05]} 17. Nf4 {[%emt 0:10:30]} Rac8 {[%emt 0:01:46]} 18. Rc1 {[%emt 0:02:16]} Rcd8 {[%emt 0:15:44]} 19. Nfh5 {[%emt 0:05:37]} Nxh5 {[%emt 0:01:51]} 20. Nxh5 {[%emt 0:00:09]} Be6 {[%emt 0:06:07]} 21. Ng3 {[%emt 0:03:26]} Nd7 {[%emt 0:00:46]} 22. b4 {[%emt 0:04:09]} Nf6 {[%emt 0:01:37]} 23. Rce1 {[%emt 0:02:16]} Qd7 {[%emt 0:04:32]} 24. Qc3 {[%emt 0:02:35]} Qd6 {[%emt 0:04:01]} 25. Bb1 {[%emt 0:01:55]} Bc8 {[%emt 0:03:24]} 26. f3 {[%emt 0:02:07]} Kf8 {[%emt 0:02:16]} (26... h5 $11) 27. Qd3 {[%emt 0:01:39]} b5 {[%emt 0:04:58]} (27... Re7 $11 {remains equal.}) 28. Rf2 {[%emt 0:01:09]} Re7 {[%emt 0:01:19]} 29. Kh1 {[%emt 0:01:40]} Be6 {[%emt 0:01:34]} 30. Rd2 {[%emt 0:00:29]} Red7 {[%emt 0:00:41]} 31. Qc2 {[%emt 0:01:11]} (31. Kg1 $14) 31... Qc7 (31... a5 $5) 32. Red1 {[%emt 0:00:52]} Qb6 {[%emt 0:02:00]} 33. Ne2 {[%emt 0:01:08]} Ke7 {[%emt 0:01:39]} ({Black should play} 33... a5 $14) 34. h3 {[%emt 0:00:30]} g6 {[%emt 0:01:10]} 35. Ba2 {[%emt 0:00:42]} Bf5 {[%emt 0:00:26]} 36. Qc3 {[%emt 0:00:18]} Rc8 {[%emt 0:00:17]} 37. Bb1 {[%emt 0:00:25]} ({White should play} 37. Rf1 $16) 37... Bxb1 {[%emt 0:00:10]} 38. Rxb1 {[%emt 0:00:01]} Kf8 {[%emt 0:00:28]} 39. Nf4 {[%emt 0:00:34]} Kg7 {[%emt 0:00:19]} 40. Nd3 {[%emt 0:00:15]} Re7 {[%emt 0:00:17]} 41. Re1 {[%emt 0:00:23]} Rce8 {[%emt 0:00:17]} 42. Rde2 {[%emt 0:00:11]} Rd8 {[%emt 0:00:36]} (42... Nh5 $11 43. Kh2 Qc7+ 44. f4 Nf6) 43. Nc5 {[%emt 0:01:23]} Kg8 {[%emt 0:00:51]} 44. Rc1 {[%emt 0:00:36]} Rc7 {[%emt 0:00:22]} ({Black should try} 44... Nh5 $14 45. Qe1 Rde8) 45. Rec2 {[%emt 0:00:28]} Rd6 {[%emt 0:00:22] [#]} (45... Re8 $14) 46. Qe1 {[%emt 0:00:24]} ({White should try} 46. e4 $1 $18 {[%cal Re4e5]} Nh5 47. e5) 46... Re7 {[%emt 0:00:36]} 47. Re2 {[%emt 0:00:21]} Nd7 {[%emt 0:00:28]} 48. Qh4 {[%emt 0:00:28]} g5 {[%emt 0:00:40]} 49. Qe1 {[%emt 0:00:22]} (49. Qg3 $5 {[%cal Rg3d6]} Rg6 50. Nd3 $14) 49... Qa7 {[%emt 0:00:23]} 50. Qd2 {[%emt 0:01:32]} Nxc5 {[%emt 0:00:15]} 51. Rxc5 {[%emt 0:00:12]} Rde6 {[%emt 0:00:10]} 52. Qc1 {[%emt 0:00:34]} Qd7 {[%emt 0:00:16]} 53. Kg1 {[%emt 0:00:22]} Qe8 {[%emt 0:00:24]} 54. Kf2 {[%emt 0:00:10]} Rc7 {[%emt 0:00:13]} ({Better is} 54... Kg7 $11) 55. Rec2 {[%emt 0:00:12]} (55. Rxd5 $16 cxd5 56. Qxc7) 55... Kg7 {[%emt 0:00:26]} (55... Rd6 $11 {keeps the balance.}) 56. R2c3 {[%emt 0:00:17]} ({Better is} 56. Rxd5 $1 $16 Rce7 57. Re5) 56... f5 $2 {[%emt 0:00:31] [#]} (56... Rce7 $11 {and Black has nothing to worry.}) 57. Qd2 $11 {[%emt 0:01:06]} (57. Rxd5 $1 $18 {[%mdl 512]} Qf7 (57... cxd5 58. Rxc7+) 58. Rcc5) 57... Qg6 {[%emt 0:00:16]} (57... Rf7 $11 {keeps the balance.}) 58. Qc2 {[%emt 0:00:45]} h5 {[%emt 0:00:19] [#]} (58... Rd6 $16) 59. Rxd5 $1 {[%emt 0:00:43] Pin} cxd5 {[%emt 0:01:27]} 60. Rxc7+ {[%emt 0:00:07]} Kh6 {[%emt 0:00:11]} 61. Qc5 {[%emt 0:00:35]} Qe8 {[%emt 0:00:59]} 62. Qxd5 {[%emt 0:00:49]} Rxe3 $1 $11 {[%emt 0:00:15] and Black has nothing to worry.} 63. Rc6+ {[%emt 0:00:29]} Kg7 {[%emt 0:00:12]} 64. Rc7+ {[%emt 0:00:28]} Kg6 $2 {[%emt 0:00:31]} 65. Qc6+ {[%emt 0:00:40]} Qe6 {[%emt 0:00:47]} 66. Qc2 {[%emt 0:00:33]} Rxa3 {[%emt 0:00:27]} 67. Rc6 {[%emt 0:00:17]} Re3 {[%emt 0:00:26]} 68. Rxe6+ {[%emt 0:00:13]} Rxe6 {[%emt 0:00:05]} 69. d5 {[%emt 0:00:14]} Re8 {[%emt 0:00:13]} 70. Qc6+ {[%emt 0:00:04]} Kf7 {[%emt 0:00:12]} 71. Qxa6 {[%emt 0:00:16]} Re5 {[%emt 0:00:29]} 72. Qxb5 {[%emt 0:00:05]} Ke7 {[%emt 0:00:13]} 73. Qb7+ {[%emt 0:00:06]} Kd6 {[%emt 0:00:09]} 74. Qc6+ {[%emt 0:00:05]} Ke7 {[%emt 0:00:11]} 75. Qc7+ {[%emt 0:00:05] Double Attack} Kf6 {[%emt 0:00:14]} 76. Qd6+ {[%emt 0:00:01]} 1-0